Statistics for Al Najaf International Airport Destinations (Najaf, Iraq)

Click here to take the quiz!

General Stats

  • This quiz has been taken 8 times
  • The average score is 17 of 30

Answer Stats

AirlineDestination% Correct
Royal JordanianAmman (Queen Alia)
86%
Iraqi AirwaysBaghdad
86%
Gulf Air/Iraqi AirwaysBahrain
86%
Fly Baghdad/Iraqi Airways/Middle East Airlines/UR AirlinesBeirut
86%
Qatar AirwaysDoha
86%
flydubaiDubai (International)
86%
Iraqi AirwaysErbil
86%
Iraqi Airways/Turkish AirlinesIstanbul
86%
Iraqi Airways/Jazeera Airways/Kuwait AirwaysKuwait City
86%
Fly BaghdadMedina
86%
ATA Airlines/Caspian Airlines/Fly Baghdad/Iran Air/Iran Airtour/Iran Aseman Airlines/Iraqi Airways/Kish Air/Mahan Air/Meraj Airlines/Qeshm Air/Taban Air/Varesh Airlines/Zagros AirlinesTehran (Imam Khomeini)
86%
Cham Wings Airlines/Fly Baghdad/Syrian Air/UR AirlinesDamascus
71%
ATA Airlines/Caspian Airlines/Iran Aseman Airlines/Iraqi Airways/Meraj Airlines/Varesh AirlinesIsfahan
71%
ATA Airlines/Caspian Airlines/Fly Baghdad/Iran Airtour/Iran Aseman Airlines/Iraqi Airways/Meraj Airlines/Qeshm Air/Sepehran Airlines/Taban Air/Zagros AirlinesMashhad
57%
Air ArabiaSharjah
57%
Iran Aseman Airlines/Kish Air/Pars AirShiraz
57%
Fly BaghdadCairo
43%
Iraqi AirwaysIslamabad
43%
Kam AirKabul
43%
Fly Baghdad/Iraqi AirwaysKarachi
43%
Fly BaghdadLahore
43%
Fly Baghdad/Iraqi AirwaysMumbai
43%
Iran AirtourTabriz
43%
Fly Baghdad/Iraqi AirwaysAhmedabad
29%
ATA Airlines/Caspian Airlines/Zagros AirlinesKerman
29%
Pouya AirRasht
29%
Iraqi AirwaysSulaimaniyah
29%
ATA Airlines/Caspian AirlinesYazd
29%
Iraqi AirwaysCopenhagen
14%
Varesh AirlinesSari
14%

Score Distribution

Percentile by Number Answered

Percent of People with Each Score

Your Score History

You have not taken this quiz